Cuida't les dents : 5 claus per a unes dents sanes i fortes 5 claus per a unes dents sanes i fortes
Descripción Física:
1 targeta postal : il·lustracions en color ; 15 x 11 cm
Materias:
Boca -- Cura i higiene -- Educació primària
; Dents -- Cura i higiene -- Educació primària
; Targetes postals
Idioma:
Catalán
MARC
| LEADER | 00000nkm a22000007a 4500 | ||
|---|---|---|---|
| 001 | 25643 | ||
| 003 | Arxiu | ||
| 005 | 20260324181114.0 | ||
| 008 | 220601b spa||||| |||| 00| 0 cat d | ||
| 017 | |a DL B 16596-2017 | ||
| 080 | |a NBM-13-147 | ||
| 245 | |a Cuida't les dents : |b 5 claus per a unes dents sanes i fortes | ||
| 260 | |a Barcelona : |b Diputació de Barcelona, |c 2017 | ||
| 300 | |a 1 targeta postal : |b il·lustracions en color ; |c 15 x 11 cm | ||
| 650 | 0 | |9 49585 |a Boca |x Cura i higiene |x Educació primària |2 Arxiu | |
| 650 | 0 | |9 49586 |a Dents |x Cura i higiene |x Educació primària | |
| 655 | 0 | |a Targetes postals |9 52685 | |
| 710 | 1 | |a Barcelona (Catalunya : Província). |b Diputació |9 52408 | |
| 730 | |9 52888 |a Cuida't les dents | ||
| 942 | |2 udc |n 1 |c ARXIU | ||
| 952 | |0 0 |1 0 |4 0 |6 NBM13147 |7 1 |9 62034 |a Arxiu |b Arxiu |d 2022-05-25 |l 0 |o NBM-13-147 |p 25643 |r 2022-05-25 00:00:00 |w 2022-05-25 |y ARXIU | ||
| 999 | |c 81750 |d 81750 | ||